<?xml version="1.0" encoding="UTF-8"?><?xml-stylesheet type="text/xsl" href="static/style.xsl"?><OAI-PMH xmlns="http://www.openarchives.org/OAI/2.0/" xmlns:xsi="http://www.w3.org/2001/XMLSchema-instance" xsi:schemaLocation="http://www.openarchives.org/OAI/2.0/ http://www.openarchives.org/OAI/2.0/OAI-PMH.xsd"><responseDate>2026-04-28T19:51:43Z</responseDate><request verb="GetRecord" identifier="oai:uvadoc.uva.es:10324/1029" metadataPrefix="marc">https://uvadoc.uva.es/oai/request</request><GetRecord><record><header><identifier>oai:uvadoc.uva.es:10324/1029</identifier><datestamp>2022-03-29T12:21:23Z</datestamp><setSpec>com_10324_30605</setSpec><setSpec>com_10324_894</setSpec><setSpec>col_10324_41</setSpec></header><metadata><record xmlns="http://www.loc.gov/MARC21/slim" xmlns:doc="http://www.lyncode.com/xoai" xmlns:xsi="http://www.w3.org/2001/XMLSchema-instance" xmlns:dcterms="http://purl.org/dc/terms/" xsi:schemaLocation="http://www.loc.gov/MARC21/slim http://www.loc.gov/standards/marcxml/schema/MARC21slim.xsd">
<leader>00925njm 22002777a 4500</leader>
<datafield tag="042" ind1=" " ind2=" ">
<subfield code="a">dc</subfield>
</datafield>
<datafield tag="720" ind1=" " ind2=" ">
<subfield code="a">Bustamante Valbuena, Leticia</subfield>
<subfield code="e">author</subfield>
</datafield>
<datafield tag="260" ind1=" " ind2=" ">
<subfield code="c">2012</subfield>
</datafield>
<datafield tag="520" ind1=" " ind2=" ">
<subfield code="a">Las antologías de microrrelatos publicadas en España (1990-2011) constituyen un corpus excepcional para profundizar en la conceptualización del género y en su historia, constatar su difusión, consolidación y canonización en el país y trazar un paradigma de tendencias. Estas antologías colectivas suponen un peculiar acto de comunicación literaria en que el elaborador se erige como intermediario entre creadores y lectores, ya que de su personal lectura surge una selección según determinados criterios -genérico, temático, de extensión textual, geográfico, cronológico, de dioma y genealógico- en que se contextualizan microrrelatos para conformar una nueva obra. En consecuencia, son libros de referencia para lectores, críticos, investigadores, escritores y potenciales antólogos. Además, las antologías analizadas, que alojan un abultado número de textos y una amplia nómina de autores hispanoamericanos y españoles, posibilitan una aproximación empírica a las características, la evolución y la diversidad del microrrelato hispánico.</subfield>
</datafield>
<datafield tag="024" ind2=" " ind1="8">
<subfield code="a">http://uvadoc.uva.es/handle/10324/1029</subfield>
</datafield>
<datafield tag="024" ind2=" " ind1="8">
<subfield code="a">b1645774</subfield>
</datafield>
<datafield tag="024" ind2=" " ind1="8">
<subfield code="a">10.35376/10324/1029</subfield>
</datafield>
<datafield ind1=" " ind2=" " tag="653">
<subfield code="a">Narraciones cortas - Antologías</subfield>
</datafield>
<datafield ind1=" " ind2=" " tag="653">
<subfield code="a">Literatura española - Siglo XX - Antologías</subfield>
</datafield>
<datafield tag="245" ind1="0" ind2="0">
<subfield code="a">Una aproximación al microrrelato hispánico: antologías publicadas en España (1990-2011)</subfield>
</datafield>
</record></metadata></record></GetRecord></OAI-PMH>